000 00360nam a22001337a 4500
008 131126b xxu||||| |||| 00| 0 eng d
020 _a0006499252
050 _aPZ3.O1285F3
100 _aO'Brian, Patrick
_93913
245 _aThe Far side of the world
260 _aLondon
_bHarperCollinsPublishers
_c1984
300 _a374p.;
_c20cm
942 _2lcc
_cMONOGRAPH
999 _c118698
_d118698